MDQL
is popping MORE tags! Check the
thread
!
Quizzes
Events
Quiz Creation
Community
Videos
Private Events
Remove Ads
Sign In
Join for FREE
Feedback
Dark Mode
Quiz Categories
Sports
Geography
Music
Movies
Television
Just For Fun
Miscellaneous
History
Literature
Language
Science
Gaming
Entertainment
Religion
Holiday
For Kids
Quiz Lab
Recent
Popular Today
Quiz Kudos Today
Editor Picks
Curator Picks
Quizzes by...
Day
Popularity
Type
Ratings
Length
Year
Community
Subscriptions
Recent Discussions
Orange Saloon
Badges
Playlists
Quests
Create
Leaderboards
Showdown
Live 5
Trivia Bingo
Activity
Puzzle Library
Sporcle Events
Private Events
Virtual Trivia
Globe League
Become a Host
Pub Owners
SporcleCon
Opinionation
Our Games
Videos
Blog
Mobile Apps
Partnerships
Remove Ads and Go Orange
Feedback
Gaming
Video Games
Board Games
Card Games
Pokémon
Mario
Nintendo
Minecraft
Console
Toys
Legend of Zelda
Gaming
Video Games
Board Games
Card Games
Pokémon
Mario
Nintendo
Minecraft
Console
Toys
Legend of Zelda
Random Quiz
Search Sporcle
×
Quiz Lab
Quiz Lab
Gaming
Eye
Type in answers that appear in a list
Type in answers that appear in a list
Classic
Best Score? Go Orange.
JoJo's Bizarre Adventure: Eyes of Heaven Characters Stats
Can you name the JoJo's Bizarre Adventure: Eyes of Heaven Characters?
By
CptAmazingPants
7m
54 Questions
2,365 Plays
2,365 Plays
2,365 Plays
Comments
Comments
Give Quiz Kudos
Give Quiz Kudos
-
- Ratings
hide this ad
Replay
Link that replays current quiz
Next Quiz
Link to next quiz in quiz playlist
You Got
0%
They Got
Avg Score
88%
Avg Friend Score
Upgrade to see
Score Distribution
Jump to the score distribution portion of the page
Score
0/54
Timer
07:00
0
Plays Today
Ability
Character
% Correct
Part I: Phantom Blood
Dio Brando
98.9%
Part III: Stardust Crusaders
DIO
98.9%
Unique to Eyes of Heaven
Heaven Ascension DIO
98.9%
Part II: Battle Tendency
Joseph Joestar
98.4%
Part III: Stardust Crusaders
Joseph Joestar (Old)
98.3%
Part I: Phantom Blood
Jonathan Joestar
98.2%
Part I: Phantom Blood
Robert E. O. Speedwagon
96.5%
Part III: Stardust Crusaders
Jotaro Kujo
96.5%
Part IV: Diamond is Unbreakable
Jotaro Kujo (Part IV)
96.5%
Part II: Battle Tendency
Kars
96.2%
Part II: Battle Tendency
Lisa Lisa
96.1%
Part VIII: Jojolion
Josuke Higashikata
95.5%
Part IV: Diamond is Unbreakable
Josuke Higashikata
95.4%
Part I: Phantom Blood
William A. Zeppeli
95.1%
Part II: Battle Tendency
Caesar A. Zeppeli
94.9%
Part III: Stardust Crusaders
Jean Pierre Polnareff
94.5%
Part III: Stardust Crusaders
Noriaki Kakyoin
94.2%
Part III: Stardust Crusaders
Iggy
93.9%
Part III: Stardust Crusaders
Muhammad Avdol
93.9%
Part II: Battle Tendency
Esidisi
93.6%
Part IV: Diamond is Unbreakable
Yoshikage Kira
93.1%
Part V: Vento Aureo
Giorno Giovanna
93%
Part IV: Diamond is Unbreakable
Koichi Hirose
92.3%
Part IV: Diamond is Unbreakable
Kosaku Kawajiri
91.9%
Part III: Stardust Crusaders
Vanilla Ice
91.9%
Part VI: Stone Ocean
Jolyne Cujoh
91.7%
Part IV: Diamond is Unbreakable
Rohan Kishibe
91.3%
Ability
Character
% Correct
Part VII: Steel Ball Run
Johnny Joestar
91.3%
Part III: Stardust Crusaders
Hol Horse
91.1%
Part II: Battle Tendency
Rudol von Stroheim
89.7%
Part IV: Diamond is Unbreakable
Okuyasu Nijimura
89.6%
Part V: Vento Aureo
Guido Mista
89.2%
Part VI: Stone Ocean
Enrico Pucci (Whitesnake)
89.2%
Part VI: Stone Ocean
Enrico Pucci (C-Moon & Made in Heaven)
89.2%
Part V: Vento Aureo
Diavolo
88.6%
Part V: Vento Aureo
Bruno Brucellati
88.4%
Part VII: Steel Ball Run
Gyro Zeppeli
88.3%
Part VII: Steel Ball Run
Diego Brando
88.1%
Part VII: Steel Ball Run
Diego Brando (AU)
88.1%
Part VII: Steel Ball Run
Funny Valentine
87.5%
Part V: Vento Aureo
Trish Una
87%
Part V: Vento Aureo
Pannacotta Fugo
86.4%
Part V: Vento Aureo
Narancia Ghirga
86%
Part VI: Stone Ocean
Weather Report
83.8%
Part II: Battle Tendency
Whammu
83.4%
Part VI: Stone Ocean
Ermes Costello
82.1%
Part III: Stardust Crusaders
N'Doul
81.1%
Part III: Stardust Crusaders
Mariah
81.1%
Part III: Stardust Crusaders
Pet Shop
80.9%
Part IV: Diamond is Unbreakable
Akira Otoishi
80%
Part IV: Diamond is Unbreakable
Yukako Yamagishi
76.7%
Part VI: Stone Ocean
Narciso Anasui
74.3%
Part VIII: Jojolion
Joshu Higashikata
74.1%
Part IV: Diamond is Unbreakable
Shigekiyo Yangu
69.7%
Quiz Playlist
Details
Report
Send in Message
Add To Playlist
Classic:
Type in answers that appear in a list
Last Updated: Feb 16, 2017
Quiz Scoreboard
CHALLENGE
Sign Up to Join the Scoreboard
Show All
Scores
Hide
Comments
May contain spoilers
Recently Published
Image Sorting: Flags VI
by Barbecue
Geography
2m
Find the 'City' Movie
by crazypaving
Movies
60s
Colored Red Africa Blitz
by spor1
Geography
45s
More to Explore
Quiz From the Vault
Featured Blog Post
14 Easter Pick-up Lines to Find Eggs With
hide this ad
You Might Also Like...
Tags
Ability
Adventure
Bizarre
Character
Eye
Heaven
Today's Top Quizzes in Gaming
Browse Gaming
hide this ad
Today's Top Quizzes in Eye
Browse Eye
Top Contributed Quizzes in Gaming
1
League of Legends Pro Players by Career/Team History
2
Destiny 2 exotic weapons by perk icons
3
Genshin Impact Logic Puzzle
4
Genshin murder mystery
5
Dead By Daylight Logic Puzzle
6
4x4 Decades: Video Games
7
Ultimate Genshin Impact Logic Puzzle (up to 4.3)
8
Overwatch Logic Puzzle
9
Who's on the WWE 2K24 Cover?
10
Overwatch 2: Ultimate Ability Icons
Explore More
Trending Topics
Harry Potter
Marvel
Anime
Disney
NBA
Crossword
Kpop
The Office
Pokémon
Soccer
NFL
Country
Puzzle
WWE
Song
hide this ad
More By:
CptAmazingPants
Quiz
Plays
Rating
Category
Featured
Created
JoJo's Bizarre Adventure: Eyes of Heaven Characters
2,365
4.40
Gaming
Dec 3, 2015
Heroes of the Storm
616
3.50
Gaming
Mar 25, 2015
Parts of Monogatari
512
4.50
Entertainment
Sep 29, 2015
Everything Anime Related, Released Spring 2018
18
1.00
Entertainment
Jul 25, 2018
Everything Anime Related, Released Winter 2018
15
Entertainment
Jul 27, 2018
Go to Creator's Profile
Score Distribution
Quiz Creator Spotlight
CptAmazingPants
Follow
Send a Message
Quizzes Created
-
Created Quiz Play Count
-
More By This Creator
Popular Quizzes Today
1
Colored Red Africa Blitz
2
Find the US States - No Outlines Minefield
3
Find the 'City' Movie
4
5x2 Blitz: Bands
5
The Countries of the World
6
Find the US States
7
Find the Countries of Europe - No Outlines Minefield
8
US States
More Gaming Quizzes
NA League of Legends LCS Teams [S3]
Quiz Lab
Trending Quizzes
Colored Red Europe Blitz I
Colored Red Africa Blitz II
Colored Red Europe Blitz II
Colored Red Africa Blitz III
Colored Red Europe Blitz III
Recently Updated
How Do You Spell That?
pecheneg
Godzilla Movies
pecheneg
Grab Bag: 4-10 Letters
pecheneg
2024 March Madness Bracket
pecheneg
Famous TV Couples
Peacemaker
Champions League XIs: Real Madrid
pecheneg
Largest US Cities 1790-2010
pecheneg
Rides in Walt Disney World
pecheneg
Most Oscar Losses (Acting)
pecheneg
Beyoncé Albums
pecheneg
Trending Topics
Harry Potter
NBA
Disney
Marvel
Kpop
Anime
Crossword
NFL
WWE
Puzzle
Country
Pokémon
Soccer
The Office
Song
Your Account Isn't Verified!
In order to create a playlist on Sporcle, you need to verify the email address you used during registration. Go to your
Sporcle Settings
to finish the process.
Report this User
Report this user for behavior that violates our
Community Guidelines
.
Details:
Send Report
Go to the Sporcle.com Mobile Site →
Comments